00373nam a22001457a 450000500170000000800410001702000150005804100130007308200130008610000120009924500190011126000460013030000250017665000260020120240823053228.0240823b |||||||| |||| 00| 0 eng d a0702120081 aEnglish  a349 ACT  lEnglish aActa Juridica  aCape Town: bJuta and Company Ltd, c1987 b258 pages; c25 cm.  aLegal practice bLaw